[Event "Bristol Centenary & WECU Championship"]
[Site "The Great Hall, Bristol Gramm"]
[Date "2024.04.28"]
[Round "5.8"]
[White "Liu, Jack"]
[Black "Bicknell, Carl"]
[Result "1-0"]
[WhiteElo "1992"]
[BlackElo "2116"]
[PlyCount "46"]
[EventDate "2024.04.26"]
[EventRounds "5"]
[EventCountry "ENG"]
[SourceTitle "DT 112"]
[SourceDate "2024.08.26"]
[SourceVersion "1"]
[SourceVersionDate "2024.08.26"]
[SourceQuality "1"]

1. e4 e5 2. Nf3 Nc6 3. Bc4 Nf6 4. d3 Bc5 5. O-O d6 6. c3 O-O 7. a4 a6 8. Bg5
Qe7 9. Nbd2 Be6 10. Qe2 h6 11. Be3 Bxe3 12. fxe3 Bxc4 13. Nxc4 d5 14. exd5 Nxd5
15. e4 Qc5+ 16. Qf2 Qxf2+ 17. Rxf2 Nf6 18. Nfxe5 Nxe5 19. Nxe5 Rad8 20. Rf3 c5
21. a5 Rfe8 22. Nc4 Re7 23. Nb6 Ng4 1-0

[Event "Bristol Centenary & WECU Championship"]
[Site "The Great Hall, Bristol Gramm"]
[Date "2024.04.28"]
[Round "5.9"]
[White "Cast, Julian"]
[Black "Crockart, Scott A"]
[Result "1-0"]
[WhiteElo "1951"]
[BlackElo "2115"]
[PlyCount "82"]
[EventDate "2024.04.26"]
[EventRounds "5"]
[EventCountry "ENG"]
[SourceTitle "DT 112"]
[SourceDate "2024.08.26"]
[SourceVersion "1"]
[SourceVersionDate "2024.08.26"]
[SourceQuality "1"]

1. d4 d5 2. Nf3 Nf6 3. e3 e6 4. Bd3 c5 5. b3 Be7 6. O-O O-O 7. Bb2 b6 8. Nbd2
Bb7 9. dxc5 bxc5 10. c4 Nc6 11. a3 Qc7 12. Qc2 h6 13. Rac1 Rfd8 14. Bxf6 Bxf6
15. cxd5 exd5 16. Qxc5 Be7 17. Qc2 Bxa3 18. Ra1 Bd6 19. Rfc1 Qb6 20. Bh7+ Kh8
21. Bf5 a5 22. Ra4 Bb4 23. Bg4 Rd6 24. Qf5 Kg8 25. Qh5 Re8 26. Rd1 Qd8 27. Raa1
Qf6 28. Rac1 Ba6 29. Nd4 Ne5 30. Be2 g6 31. Qh3 Bxe2 32. Nxe2 Nd3 33. Nf3 Nxc1
34. Nxc1 Kg7 35. Nd3 Rc6 36. Nd4 Rc3 37. Qg4 h5 38. Qd7 Rec8 39. g3 Qd6 40. Qa4
Qa6 41. Nxb4 Qf6 1-0

[Event "Bristol Centenary & WECU Championship"]
[Site "The Great Hall, Bristol Gramm"]
[Date "2024.04.28"]
[Round "5.10"]
[White "Verma, Aditya"]
[Black "Chua, Sebastien"]
[Result "1/2-1/2"]
[WhiteElo "2109"]
[BlackElo "1969"]
[PlyCount "69"]
[EventDate "2024.04.26"]
[EventRounds "5"]
[EventCountry "ENG"]
[SourceTitle "DT 112"]
[SourceDate "2024.08.26"]
[SourceVersion "1"]
[SourceVersionDate "2024.08.26"]
[SourceQuality "1"]

1. e4 d5 2. exd5 Qxd5 3. Nf3 Bg4 4. Be2 Nc6 5. Nc3 Qd7 6. h3 Bxf3 7. Bxf3 Nf6
8. O-O g6 9. Re1 Bg7 10. d3 O-O 11. Bxc6 bxc6 12. Na4 Nd5 13. Nc5 Qf5 14. Ne4
e5 15. c3 Rad8 16. Qa4 Nf4 17. Bxf4 exf4 18. f3 Qb5 19. Qxb5 cxb5 20. d4 Rfe8
21. Kf2 h6 22. b4 f5 23. Nc5 Kf7 24. a4 bxa4 25. Rxa4 Bf6 26. Rxe8 Rxe8 27. g3
fxg3+ 28. Kxg3 Re2 29. Nd7 Bg5 30. Ne5+ Kg7 31. h4 Be3 32. Rxa7 g5 33. Rxc7+
Kf6 34. hxg5+ hxg5 35. Rc6+ 1/2-1/2

[Event "Bristol Centenary & WECU Championship"]
[Site "The Great Hall, Bristol Gramm"]
[Date "2024.04.28"]
[Round "5.11"]
[White "Gorgun, Aliriza Atif"]
[Black "Saunders, Aron"]
[Result "0-1"]
[WhiteElo "1916"]
[BlackElo "2092"]
[PlyCount "128"]
[EventDate "2024.04.26"]
[EventRounds "5"]
[EventCountry "ENG"]
[SourceTitle "DT 112"]
[SourceDate "2024.08.26"]
[SourceVersion "1"]
[SourceVersionDate "2024.08.26"]
[SourceQuality "1"]

1. e4 c6 2. d4 d5 3. e5 Bf5 4. h4 h5 5. Bd3 Bxd3 6. Qxd3 Qa5+ 7. Nd2 e6 8. Ngf3
Qa6 9. c4 Nh6 10. b3 Nf5 11. Qb1 Be7 12. a4 O-O 13. Ba3 Bxa3 14. Rxa3 Rd8 15.
Qb2 b6 16. b4 dxc4 17. O-O c5 18. dxc5 bxc5 19. b5 Qb7 20. Rc1 Rd5 21. Rxc4 Nd7
22. a5 Rb8 23. Re4 c4 24. b6 axb6 25. a6 Qa7 26. Rxc4 Ra5 27. Rxa5 bxa5 28. Qa3
Qxa6 29. Rc7 Qb5 30. Nc4 a4 31. Nd6 Qb1+ 32. Kh2 Nxd6 33. Qxd6 Nf8 34. Ng5 Qb4
35. Qxb4 Rxb4 36. Nxf7 Rxh4+ 37. Kg1 Rf4 38. Ng5 Rf5 39. Nf3 g5 40. Ra7 g4 41.
Nd4 Rxe5 42. Rxa4 Re4 43. Rb4 e5 44. Nc2 Rxb4 45. Nxb4 Kf7 46. Nd3 Kf6 47. g3
Ne6 48. Ne1 Kf5 49. f3 Nd4 50. fxg4+ Kxg4 51. Nd3 e4 52. Nf2+ Kf3 53. Nxe4 Kxe4
54. Kg2 Kf5 55. Kh3 Kg5 56. Kg2 Kg4 57. Kh2 Nf5 58. Kg2 Nxg3 59. Kh2 Kh4 60.
Kg2 Ne4 61. Kh2 Nf6 62. Kg2 Kg4 63. Kh1 Kg3 64. Kg1 h4 0-1

[Event "Bristol Centenary & WECU Championship"]
[Site "The Great Hall, Bristol Gramm"]
[Date "2024.04.28"]
[Round "5.12"]
[White "Banerjee, Supratit"]
[Black "Pang, Ethan"]
[Result "0-1"]
[WhiteElo "2025"]
[BlackElo "1880"]
[PlyCount "132"]
[EventDate "2024.04.26"]
[EventRounds "5"]
[EventCountry "ENG"]
[SourceTitle "DT 112"]
[SourceDate "2024.08.26"]
[SourceVersion "1"]
[SourceVersionDate "2024.08.26"]
[SourceQuality "1"]

1. e4 c5 2. c3 Nf6 3. e5 Nd5 4. d4 cxd4 5. cxd4 Nc6 6. Nf3 d6 7. Bc4 dxe5 8.
dxe5 Ndb4 9. Qxd8+ Nxd8 10. Na3 a6 11. O-O Be6 12. Bd2 Bxc4 13. Nxc4 Nd5 14.
Rfd1 e6 15. Ne3 Nxe3 16. Bxe3 Nc6 17. Bb6 Be7 18. Rac1 Bd8 19. Bc5 Be7 20. Ba3
h6 21. Bd6 O-O-O 22. Nd4 Bxd6 23. Nxc6 bxc6 24. exd6 Kd7 25. Rc4 Rb8 26. Ra4
Rxb2 27. Rxa6 Rhb8 28. g3 Rb1 29. Ra7+ R8b7 30. Rxb7+ Rxb7 31. Rd2 Rb5 32. Kg2
Rd5 33. Rb2 Kc8 34. a4 Rxd6 35. a5 Rd5 36. a6 Rb5 37. a7 Kb7 38. Ra2 Ka8 39.
Ra6 Rb7 40. Rxc6 Kxa7 41. h4 Kb8 42. g4 Rc7 43. Rxc7 Kxc7 44. Kf3 Kd6 45. Ke4
e5 46. Kf5 Kd5 47. h5 e4 48. Kf4 g6 49. g5 hxg5+ 50. Kxg5 gxh5 51. Kxh5 f5 52.
Kh4 f4 53. Kg4 Ke5 54. Kh3 e3 55. fxe3 fxe3 56. Kg2 Ke4 57. Kf1 Kd3 58. Ke1 e2
59. Kf2 Kd2 60. Kf3 e1=Q 61. Kf4 Qe6 62. Kf3 Qc4 63. Kg3 Ke3 64. Kg2 Qg4+ 65.
Kf1 Qg8 66. Ke1 Qg1# 0-1

[Event "Bristol Centenary & WECU Championship"]
[Site "The Great Hall, Bristol Gramm"]
[Date "2024.04.28"]
[Round "5.13"]
[White "Han, Qixuan"]
[Black "Khoury, Theo"]
[Result "0-1"]
[WhiteElo "1827"]
[BlackElo "2113"]
[PlyCount "116"]
[EventDate "2024.04.26"]
[EventRounds "5"]
[EventCountry "ENG"]
[SourceTitle "DT 112"]
[SourceDate "2024.08.26"]
[SourceVersion "1"]
[SourceVersionDate "2024.08.26"]
[SourceQuality "1"]

1. Nf3 d5 2. e3 Nf6 3. c4 dxc4 4. Bxc4 e6 5. O-O c5 6. d4 Nc6 7. dxc5 Qxd1 8.
Rxd1 Bxc5 9. a3 O-O 10. b4 Be7 11. Bb2 b6 12. Nbd2 Bb7 13. Rac1 Rac8 14. Nb3
Rfd8 15. Nbd4 Nxd4 16. Nxd4 Ne4 17. h3 Bf6 18. Be2 Nd6 19. Rc2 Rxc2 20. Nxc2
Bxb2 21. a4 Kf8 22. b5 Ke7 23. Nb4 Rc8 24. Rb1 Rc1+ 25. Rxc1 Bxc1 26. Kf1 Bd2
27. Nc2 Bd5 28. Bd3 Bc3 29. f3 Bc4 30. Ke2 Bf6 31. Nb4 Kd7 32. Nc6 Bb3 33. Nxa7
Bxa4 34. Kd2 Kc7 35. f4 Kb7 36. e4 Kxa7 37. e5 Be7 38. exd6 Bxd6 39. Bxh7 Bxf4+
40. Kc3 Bxb5 41. Bg8 Be8 42. Kb4 Bd6+ 43. Kc4 b5+ 44. Kd4 Kb6 45. h4 Ka5 46. h5
b4 47. g4 Ka4 48. g5 Bf4 49. g6 fxg6 50. hxg6 b3 51. Bxe6 b2 52. Bf5 Kb3 53.
Kd5 Kc3 54. Ke6 Ba4 55. Kf7 Bc2 56. Kxg7 Bxf5 57. Kf7 b1=Q 58. g7 Bh7 0-1

[Event "Bristol Centenary & WECU Championship"]
[Site "The Great Hall, Bristol Gramm"]
[Date "2024.04.28"]
[Round "5.14"]
[White "Fellowes, Billy"]
[Black "Moore, Gerald"]
[Result "1/2-1/2"]
[WhiteElo "1969"]
[BlackElo "2076"]
[PlyCount "98"]
[EventDate "2024.04.26"]
[EventRounds "5"]
[EventCountry "ENG"]
[SourceTitle "DT 112"]
[SourceDate "2024.08.26"]
[SourceVersion "1"]
[SourceVersionDate "2024.08.26"]
[SourceQuality "1"]

1. g3 g6 2. Nf3 Bg7 3. Bg2 f5 4. d4 Nf6 5. c4 O-O 6. Nc3 d6 7. Bg5 Ne4 8. Nxe4
fxe4 9. Nd2 Bxd4 10. Nxe4 Bg7 11. h4 Nc6 12. Qd2 Qe8 13. Bh6 Qf7 14. Bxg7 Qxg7
15. Rd1 h6 16. O-O Ne5 17. b3 c6 18. Nc3 Be6 19. Qe3 Bf5 20. Qd4 Nf7 21. b4
Qxd4 22. Rxd4 Rab8 23. c5 Rfd8 24. cxd6 exd6 25. Rfd1 Kg7 26. R1d2 a6 27. a4
Re8 28. e3 Re7 29. b5 c5 30. Rf4 Re5 31. Bd5 g5 32. Rc4 Be6 33. Kg2 Bxd5+ 34.
Nxd5 axb5 35. axb5 Ra8 36. hxg5 hxg5 37. Nc3 Ra1 38. Re4 Rxe4 39. Nxe4 Rb1 40.
Nxd6 Nxd6 41. Rxd6 Rxb5 42. Rd5 Kg6 43. Kf3 b6 44. Ke4 Rb4+ 45. Kd3 g4 46. Kc2
Kf6 47. Rh5 Kg6 48. Rd5 Kf6 49. Rh5 Kg6 1/2-1/2

[Event "Bristol Centenary & WECU Championship"]
[Site "The Great Hall, Bristol Gramm"]
[Date "2024.04.28"]
[Round "5.15"]
[White "Young, Daniel J"]
[Black "Ogunshola, Olugbemiga (Ben)"]
[Result "0-1"]
[WhiteElo "1927"]
[BlackElo "2038"]
[PlyCount "110"]
[EventDate "2024.04.26"]
[EventRounds "5"]
[EventCountry "ENG"]
[SourceTitle "DT 112"]
[SourceDate "2024.08.26"]
[SourceVersion "1"]
[SourceVersionDate "2024.08.26"]
[SourceQuality "1"]

1. c4 Nf6 2. Nc3 e5 3. g3 g6 4. Nf3 Nc6 5. d4 exd4 6. Nxd4 Bg7 7. Bg2 O-O 8.
O-O Re8 9. Nxc6 bxc6 10. Be3 Rb8 11. Qd2 d5 12. Rfd1 Ba6 13. cxd5 Nxd5 14. Nxd5
cxd5 15. Rab1 d4 16. Qa5 Bxe2 17. Rd2 d3 18. Qxa7 Bc3 19. a4 Re5 20. b4 c5 21.
Bf4 Rxb4 22. Rxb4 cxb4 23. Bxe5 Bxe5 24. Qe3 Bd4 25. Qe4 b3 26. Rxe2 dxe2 27.
Qxe2 b2 28. Be4 Qa5 29. Bc2 Qc5 30. Qd2 Kg7 31. Kg2 Qd5+ 32. Kg1 Qe5 33. Bb1 h5
34. Kg2 Qd5+ 35. Kg1 Qc5 36. Bc2 Qe5 37. Kg2 Qf6 38. h4 Qc6+ 39. Kg1 Qc5 40.
Kg2 Bc3 41. Qd3 Qb4 42. Qe4 Bd4 43. Qd3 Bb6 44. Qb5 Qd4 45. Qe2 Qc5 46. Kg1 Qc3
47. Kg2 Qf6 48. Qd2 Qc6+ 49. Kg1 Qc4 50. Qd3 Qc5 51. Qe2 Kf8 52. Qd2 Qc4 53.
Qd3 Qb4 54. Qe4 Qd2 55. Qf4 Qxc2 0-1

[Event "Bristol Centenary & WECU Championship"]
[Site "The Great Hall, Bristol Gramm"]
[Date "2024.04.28"]
[Round "5.16"]
[White "Lishoy Gengis Paratazham, Dildarav"]
[Black "Dilleigh, Stephen P"]
[Result "1/2-1/2"]
[WhiteElo "1924"]
[BlackElo "1995"]
[PlyCount "42"]
[EventDate "2024.04.26"]
[EventRounds "5"]
[EventCountry "ENG"]
[SourceTitle "DT 112"]
[SourceDate "2024.08.26"]
[SourceVersion "1"]
[SourceVersionDate "2024.08.26"]
[SourceQuality "1"]

1. e4 e6 2. Nc3 d5 3. d3 dxe4 4. Nxe4 Nd7 5. Nf3 Ngf6 6. Nxf6+ Nxf6 7. Be2 Be7
8. O-O O-O 9. d4 c5 10. c3 b6 11. Bf4 Bb7 12. Qa4 a6 13. dxc5 Bxc5 14. Rad1 Qe8
15. Qxe8 Rfxe8 16. Bd6 Rac8 17. Bxc5 Rxc5 18. Nd4 Kf8 19. Bf3 Bxf3 20. Nxf3 Rd5
21. Rxd5 Nxd5 1/2-1/2

[Event "Bristol Centenary & WECU Championship"]
[Site "The Great Hall, Bristol Gramm"]
[Date "2024.04.28"]
[Round "5.17"]
[White "Alldritt, Nigel Re"]
[Black "Fu, Yuting"]
[Result "0-1"]
[WhiteElo "1977"]
[BlackElo "1914"]
[PlyCount "58"]
[EventDate "2024.04.26"]
[EventRounds "5"]
[EventCountry "ENG"]
[SourceTitle "DT 112"]
[SourceDate "2024.08.26"]
[SourceVersion "1"]
[SourceVersionDate "2024.08.26"]
[SourceQuality "1"]

1. d4 d5 2. c4 c6 3. Nf3 Nf6 4. e3 e6 5. Nc3 Nbd7 6. Be2 Bd6 7. O-O O-O 8. Qc2
dxc4 9. Bxc4 b5 10. Be2 Bb7 11. e4 e5 12. dxe5 Nxe5 13. Nxe5 Bxe5 14. Be3 Qe7
15. f3 a6 16. Rac1 Rfd8 17. Nb1 Qd6 18. g3 Bxg3 19. hxg3 Qxg3+ 20. Kh1 c5 21.
Bg1 Nxe4 22. Bxb5 Qh3+ 23. Bh2 Ng3+ 24. Kg1 Nxf1 25. Bxf1 Qxf3 26. Bg2 Qe3+ 27.
Kh1 Bxg2+ 28. Kxg2 Rd3 29. Kf1 Qe4 0-1

[Event "Bristol Centenary & WECU Championship"]
[Site "The Great Hall, Bristol Gramm"]
[Date "2024.04.28"]
[Round "5.18"]
[White "Damodaran, Patrick"]
[Black "Davis, Colin J"]
[Result "0-1"]
[WhiteElo "1881"]
[BlackElo "1975"]
[PlyCount "146"]
[EventDate "2024.04.26"]
[EventRounds "5"]
[EventCountry "ENG"]
[SourceTitle "DT 112"]
[SourceDate "2024.08.26"]
[SourceVersion "1"]
[SourceVersionDate "2024.08.26"]
[SourceQuality "1"]

1. e4 d6 2. d4 Nf6 3. Nc3 g6 4. Nf3 Bg7 5. Be2 O-O 6. h3 Nc6 7. Be3 e5 8. dxe5
Nxe5 9. Nxe5 dxe5 10. Bc5 Re8 11. Qxd8 Rxd8 12. Be7 Re8 13. Bxf6 Bxf6 14. Nd5
Bd8 15. O-O-O c6 16. Ne3 Bb6 17. Rd3 f5 18. f3 Be6 19. Rhd1 Re7 20. Nf1 a5 21.
Rd6 Kf7 22. Ng3 a4 23. Kb1 a3 24. b3 f4 25. Nf1 Bd4 26. R6xd4 exd4 27. Rxd4 Kf6
28. Rd1 b5 29. c3 Rd7 30. Rxd7 Bxd7 31. Kc2 Be6 32. Nd2 Kg5 33. e5 Kf5 34. Ne4
Kxe5 35. Bd3 Bf5 36. Ng5 Bxd3+ 37. Kxd3 Rd8+ 38. Ke2 Rd7 39. Ne4 Kf5 40. b4 h6
41. Nc5 Re7+ 42. Kd2 Re3 43. Nd3 g5 44. Nf2 h5 45. Nd1 Re8 46. Nf2 Rd8+ 47. Ke2
Ke5 48. Ne4 Kd5 49. Kd3 g4 50. h4 g3 51. Kc2 Ke5 52. Ng5 Kd5 53. Ne4 Rf8 54.
Kd3 Rf5 55. Kd2 Re5 56. Nc5 Kc4 57. Nb7 Re3 58. Nd6+ Kd5 59. Nf5 Rxf3 60. gxf3
g2 61. Ne7+ Ke6 62. Ng6 g1=Q 63. Nxf4+ Kf5 64. Ne2 Qa1 65. Nd4+ Kf6 66. c4
Qxd4+ 67. Kc2 Qb2+ 68. Kd3 Qxa2 69. c5 Qc4+ 70. Ke3 a2 71. f4 a1=Q 72. f5 Qe1+
73. Kf3 Qce4# 0-1

[Event "Bristol Centenary & WECU Championship"]
[Site "The Great Hall, Bristol Gramm"]
[Date "2024.04.28"]
[Round "5.19"]
[White "Longson, Sarah N"]
[Black "Han, Qixiang"]
[Result "0-1"]
[WhiteElo "1990"]
[BlackElo "1874"]
[PlyCount "146"]
[EventDate "2024.04.26"]
[EventRounds "5"]
[EventCountry "ENG"]
[SourceTitle "DT 112"]
[SourceDate "2024.08.26"]
[SourceVersion "1"]
[SourceVersionDate "2024.08.26"]
[SourceQuality "1"]

1. e4 c5 2. Nc3 g6 3. d4 cxd4 4. Qxd4 Nf6 5. Nf3 Nc6 6. Qa4 d6 7. e5 dxe5 8.
Nxe5 Bd7 9. Nxd7 Qxd7 10. Be3 Bg7 11. Rd1 Qg4 12. Rd4 Qc8 13. Bb5 Nd7 14. Bxc6
bxc6 15. Rc4 Ne5 16. Rc5 O-O 17. O-O Qb7 18. Qb3 Qa6 19. Qa4 Qb7 20. Qe4 f5 21.
Qa4 Rad8 22. Ne2 Kh8 23. Bd4 Rd5 24. Rxd5 cxd5 25. Nf4 Rc8 26. Re1 Qb8 27. b3
Rxc2 28. Bxa7 Qa8 29. Ne6 Bf6 30. b4 Rc4 31. Qb5 Nd3 32. Bb8 Qc6 33. Qxc6 Rxc6
34. b5 Rb6 35. Bc7 Rxb5 36. Rd1 Nc5 37. Nf4 Na6 38. Nxd5 Rxd5 39. Rxd5 Nxc7 40.
Rd8+ Kg7 41. a4 Kf7 42. Rc8 Be5 43. Kf1 Ke6 44. g3 Kd7 45. Rb8 Kc6 46. a5 Bc3
47. Rb6+ Kd7 48. a6 Bd4 49. Rb4 Bc5 50. Rb8 Nxa6 51. Rh8 Bd4 52. Rxh7 Ke6 53.
Rh4 Ke5 54. Rh8 Nc5 55. h4 Ne4 56. Re8 Ke6 57. Rg8 Kf7 58. Ra8 Bxf2 59. g4 Bxh4
60. gxf5 gxf5 61. Ke2 Bf2 62. Ra5 Bc5 63. Kf3 e5 64. Ra6 Bd6 65. Ra8 Ke6 66.
Ra5 Bc5 67. Ra6+ Kd5 68. Ra1 Ng5+ 69. Kg3 f4+ 70. Kg4 Ne6 71. Rf1 e4 72. Kf5 e3
73. Kg4 Ke4 0-1

[Event "Bristol Centenary & WECU Championship"]
[Site "The Great Hall, Bristol Gramm"]
[Date "2024.04.28"]
[Round "5.20"]
[White "Clarke, James"]
[Black "Guilfoyle, John M"]
[Result "1-0"]
[WhiteElo "1871"]
[BlackElo "2070"]
[PlyCount "65"]
[EventDate "2024.04.26"]
[EventRounds "5"]
[EventCountry "ENG"]
[SourceTitle "DT 112"]
[SourceDate "2024.08.26"]
[SourceVersion "1"]
[SourceVersionDate "2024.08.26"]
[SourceQuality "1"]

1. e4 c5 2. Nf3 Nc6 3. d4 cxd4 4. Nxd4 Nf6 5. Nc3 e5 6. Ndb5 d6 7. Nd5 Nxd5 8.
exd5 Nb8 9. a4 a6 10. Na3 Be7 11. Bd2 b6 12. Be2 O-O 13. O-O f5 14. a5 b5 15.
c4 bxc4 16. Nxc4 Nd7 17. Bb4 Rf6 18. Rc1 Rb8 19. Qa4 Bb7 20. Rfd1 Rc8 21. Qa3
Qf8 22. Nb6 Nxb6 23. axb6 Rxc1 24. Rxc1 Qa8 25. Qa4 Bd8 26. Qe8+ Rf8 27. Qe6+
Kh8 28. Bxd6 Bxd5 29. Qc8 Qxc8 30. Rxc8 Rg8 31. Rb8 Bxb6 32. Rxb6 Rc8 33. Rb8
1-0

[Event "Bristol Centenary & WECU Championship"]
[Site "The Great Hall, Bristol Gramm"]
[Date "2024.04.28"]
[Round "5.21"]
[White "Smith, Andrew P"]
[Black "Zhang, Junyi"]
[Result "1/2-1/2"]
[WhiteElo "2055"]
[BlackElo "1924"]
[PlyCount "108"]
[EventDate "2024.04.26"]
[EventRounds "5"]
[EventCountry "ENG"]
[SourceTitle "DT 112"]
[SourceDate "2024.08.26"]
[SourceVersion "1"]
[SourceVersionDate "2024.08.26"]
[SourceQuality "1"]

1. e4 c5 2. Nf3 e6 3. d4 cxd4 4. Nxd4 Nf6 5. Nc3 Nc6 6. Ndb5 Bc5 7. Bf4 O-O 8.
Bd6 Qb6 9. Bxc5 Qxc5 10. Qd6 Qb6 11. Rb1 a6 12. Na3 Qa7 13. Nc4 b5 14. Nd2 Ne8
15. Qg3 Nd4 16. Bd3 d6 17. a3 e5 18. O-O Nf6 19. Rbe1 Be6 20. Qh4 Nc6 21. Re3
Ne7 22. Ree1 Ng6 23. Qg3 Qd7 24. Rd1 Nh5 25. Qe3 Ngf4 26. Rfe1 Nf6 27. Nf1 Qe7
28. Be2 h6 29. Bf3 g5 30. Rd2 Rfd8 31. Ng3 g4 32. Bd1 Qa7 33. Qxa7 Rxa7 34. Nf1
Rc7 35. f3 gxf3 36. Bxf3 Rc5 37. Ne3 a5 38. Red1 b4 39. Na4 Rc6 40. axb4 axb4
41. b3 Kf8 42. Kf2 Ke7 43. Nb2 d5 44. exd5 N6xd5 45. Bxd5 Nxd5 46. Nd3 Nc3 47.
Nxb4 Nxd1+ 48. Rxd1 Rcc8 49. Rxd8 Kxd8 50. Nd3 f6 51. Ke2 Ke7 52. Kd2 Kd6 53.
c4 e4 54. Nf4 Ke5 1/2-1/2

[Event "Bristol Centenary & WECU Championship"]
[Site "The Great Hall, Bristol Gramm"]
[Date "2024.04.28"]
[Round "5.22"]
[White "Fong, Kenny"]
[Black "Meek, Stephen J"]
[Result "1/2-1/2"]
[WhiteElo "1863"]
[BlackElo "1977"]
[PlyCount "36"]
[EventDate "2024.04.26"]
[EventRounds "5"]
[EventCountry "ENG"]
[SourceTitle "DT 112"]
[SourceDate "2024.08.26"]
[SourceVersion "1"]
[SourceVersionDate "2024.08.26"]
[SourceQuality "1"]

1. d4 Nf6 2. c4 g6 3. Nf3 Bg7 4. g3 O-O 5. Bg2 d6 6. O-O Nc6 7. Nc3 Bf5 8. Nh4
Bd7 9. e4 e5 10. d5 Nd4 11. Nf3 Bg4 12. Be3 Re8 13. Re1 c5 14. dxc6 bxc6 15.
Bxd4 exd4 16. Qxd4 Nxe4 17. Qd3 Nxc3 18. bxc3 Bxf3 1/2-1/2

[Event "Bristol Centenary & WECU Championship"]
[Site "The Great Hall, Bristol Gramm"]
[Date "2024.04.28"]
[Round "5.23"]
[White "Mize, Dylan"]
[Black "Baer, Bruce L"]
[Result "0-1"]
[WhiteElo "1870"]
[BlackElo "1945"]
[PlyCount "66"]
[EventDate "2024.04.26"]
[EventRounds "5"]
[EventCountry "ENG"]
[SourceTitle "DT 112"]
[SourceDate "2024.08.26"]
[SourceVersion "1"]
[SourceVersionDate "2024.08.26"]
[SourceQuality "1"]

1. d4 g6 2. Nf3 Bg7 3. c3 d6 4. Bg5 h6 5. Bh4 f5 6. e3 Nf6 7. Nbd2 O-O 8. Be2
Qe8 9. Qb3+ Kh7 10. Nc4 Ne4 11. Nfd2 d5 12. Na3 Nxd2 13. Kxd2 Qf7 14. Bg3 c6
15. Rae1 Nd7 16. Kc1 b5 17. Qd1 a5 18. Nc2 e5 19. dxe5 Nxe5 20. Bxe5 Bxe5 21.
Nd4 Bd7 22. f4 Bg7 23. Rhg1 b4 24. g4 bxc3 25. bxc3 Qe7 26. Qd2 Rab8 27. Nc2
Qc5 28. Bd3 Bxc3 29. Qg2 fxg4 30. Ref1 Bf5 31. Qe2 Qb6 32. Nd4 Qb1+ 33. Bxb1
Rxb1# 0-1

[Event "Bristol Centenary & WECU Championship"]
[Site "The Great Hall, Bristol Gramm"]
[Date "2024.04.28"]
[Round "5.24"]
[White "Iwi, Graham R"]
[Black "Lampard, Alice"]
[Result "1/2-1/2"]
[WhiteElo "1944"]
[BlackElo "1844"]
[PlyCount "110"]
[EventDate "2024.04.26"]
[EventRounds "5"]
[EventCountry "ENG"]
[SourceTitle "DT 112"]
[SourceDate "2024.08.26"]
[SourceVersion "1"]
[SourceVersionDate "2024.08.26"]
[SourceQuality "1"]

1. e4 c5 2. Nf3 Nc6 3. d4 cxd4 4. Nxd4 g6 5. Nc3 Bg7 6. Be3 Nf6 7. Bc4 O-O 8.
Bb3 d6 9. f3 Bd7 10. Qd2 Nxd4 11. Bxd4 b5 12. O-O-O a5 13. a4 b4 14. Nd5 Nxd5
15. Bxg7 Kxg7 16. Bxd5 Rc8 17. b3 Rc5 18. Kb1 Qc7 19. h4 Rc8 20. Rc1 e6 21. h5
Rh8 22. hxg6 fxg6 23. Qd4+ e5 24. Qd2 h6 25. Rh2 Qd8 26. Rch1 g5 27. Rd1 Qe7
28. Bc4 Bxa4 29. Qxd6 Qxd6 30. Rxd6 Bb5 31. Bxb5 Rxb5 32. g4 Rc5 33. Rhd2 Rf8
34. Rd7+ Rf7 35. Rxf7+ Kxf7 36. Rd6 Rc3 37. Rd3 Rxd3 38. cxd3 Ke7 39. Kc2 Kd7
40. d4 Kd6 41. d5 Kc5 42. Kd3 Kb5 43. d6 Kb6 44. Kc4 Kc6 45. d7 Kxd7 46. Kb5
Kd6 47. Kxa5 Kc5 48. Ka4 Kd4 49. Kxb4 Ke3 50. Kc4 Kxf3 51. b4 h5 52. gxh5 g4
53. h6 g3 54. h7 g2 55. h8=Q g1=Q 1/2-1/2

[Event "Bristol Centenary & WECU Championship"]
[Site "The Great Hall, Bristol Gramm"]
[Date "2024.04.28"]
[Round "5.25"]
[White "Nendick, Philip Hc"]
[Black "Marsden, Rupert"]
[Result "1/2-1/2"]
[WhiteElo "1938"]
[BlackElo "1818"]
[PlyCount "41"]
[EventDate "2024.04.26"]
[EventRounds "5"]
[EventCountry "ENG"]
[SourceTitle "DT 112"]
[SourceDate "2024.08.26"]
[SourceVersion "1"]
[SourceVersionDate "2024.08.26"]
[SourceQuality "1"]

1. d4 Nf6 2. c4 g6 3. Nc3 Bg7 4. e4 d6 5. Be2 O-O 6. Bg5 c5 7. d5 e6 8. Qd2 Re8
9. Nf3 a6 10. O-O exd5 11. exd5 Nbd7 12. Rfe1 Ne5 13. Nxe5 Rxe5 14. Bf4 Re8 15.
Bd3 Rxe1+ 16. Rxe1 Qc7 17. h3 Bd7 18. Re7 Re8 19. Qe1 Kf8 20. Rxe8+ Bxe8 21.
Kf1 1/2-1/2

[Event "Bristol Centenary & WECU Championship"]
[Site "The Great Hall, Bristol Gramm"]
[Date "2024.04.28"]
[Round "5.26"]
[White "Jones, Mark G"]
[Black "Hill, Andy"]
[Result "0-1"]
[WhiteElo "1767"]
[BlackElo "1926"]
[PlyCount "70"]
[EventDate "2024.04.26"]
[EventRounds "5"]
[EventCountry "ENG"]
[SourceTitle "DT 112"]
[SourceDate "2024.08.26"]
[SourceVersion "1"]
[SourceVersionDate "2024.08.26"]
[SourceQuality "1"]

1. e4 e6 2. c4 d5 3. cxd5 exd5 4. exd5 Nf6 5. Nc3 Nxd5 6. Bc4 Nb6 7. Bb3 Be7 8.
d4 O-O 9. Nge2 Bf5 10. O-O Nc6 11. Bf4 a6 12. Rc1 Rc8 13. a3 Qd7 14. Na4 Nxa4
15. Bxa4 b5 16. Bb3 Bf6 17. d5 Na5 18. Nc3 Nb7 19. Qd2 Nd6 20. Bg5 Bxg5 21.
Qxg5 Rfe8 22. Rfe1 Kf8 23. h4 Rxe1+ 24. Rxe1 Re8 25. Rxe8+ Qxe8 26. Qe3 Qxe3
27. fxe3 Ke7 28. Bd1 Bd3 29. Kf2 Nc4 30. Be2 Bxe2 31. Kxe2 Nxb2 32. e4 Nc4 33.
Nb1 Kd6 34. Kd3 Ke5 35. g3 h5 0-1

[Event "Bristol Centenary & WECU Championship"]
[Site "The Great Hall, Bristol Gramm"]
[Date "2024.04.28"]
[Round "5.27"]
[White "Hu, Junyan"]
[Black "Perrin, Brent"]
[Result "0-1"]
[WhiteElo "1704"]
[BlackElo "1891"]
[PlyCount "118"]
[EventDate "2024.04.26"]
[EventRounds "5"]
[EventCountry "ENG"]
[SourceTitle "DT 112"]
[SourceDate "2024.08.26"]
[SourceVersion "1"]
[SourceVersionDate "2024.08.26"]
[SourceQuality "1"]

1. e4 e6 2. d4 d5 3. e5 c5 4. c3 Nc6 5. Nf3 Bd7 6. a3 Rc8 7. Bd3 Qb6 8. Bc2
Nge7 9. O-O cxd4 10. cxd4 Nf5 11. Bxf5 exf5 12. Nc3 Be6 13. Na4 Qb5 14. b4 a5
15. Nc5 axb4 16. a4 Qb6 17. Nxe6 fxe6 18. Ng5 Na5 19. Qd3 Nc4 20. Rb1 Be7 21.
Qh3 g6 22. Qh6 Bf8 23. Qh4 h6 24. Nf3 Be7 25. Qh3 Kd7 26. Rd1 Qa6 27. Nh4 Qxa4
28. Be3 Rcg8 29. Ra1 Qb5 30. g3 b3 31. Qf1 g5 32. Ng2 Ra8 33. Rab1 Ra5 34. Qd3
b2 35. Bd2 Ra3 36. Qc2 Rha8 37. Bc3 Qb3 38. Qxb3 Rxb3 39. Bxb2 Rxb2 40. Rxb2
Nxb2 41. Rb1 Ra2 42. f4 b5 43. fxg5 hxg5 44. h4 b4 45. h5 Ke8 46. Ne3 Nc4 47.
Nf1 Na3 48. Rb3 Nc2 49. Nh2 Nxd4 50. Rd3 b3 51. Rxd4 b2 52. Rd1 Ra1 53. Rxa1
bxa1=Q+ 54. Kg2 Qxe5 55. h6 Kf7 56. h7 Kg7 57. h8=Q+ Kxh8 58. Nf3 Qe2+ 59. Kh3
g4# 0-1